000 00365nam a22001337a 4500
005 20230117142406.0
008 230117b |||||||| |||| 00| 0 eng d
040 _c##$aRTC$cRTC
082 _a808.1
245 _aLIT 315 :
_bFrom Sonnet to Song: Understanding Poetry
260 _aThimphu :
_bRoyal Thimphu College,
_c2021
300 _a23 p.
942 _2ddc
_cCE TEXBOOK
999 _c9224
_d9225